[Event "Russian Blitz Team Championship (m)"]
[Site "Sochi"]
[Date "2022.10.17"]
[Round "12.4"]
[White "Makarian, Rudik"]
[Black "Khegay, Dmitriy"]
[Result "1-0"]
[BlackElo "2457"]
[WhiteElo "2405"]
[LiveChessVersion "1.4.8"]

1. c4 {[%clk 0:03:02]} e5 {[%clk 0:03:02]} 2. Nc3 {[%clk 0:03:03]} d6
{[%clk 0:03:02]} 3. g3 {[%clk 0:03:04]} f5 {[%clk 0:03:03]} 4. Bg2
{[%clk 0:03:05]} Nf6 {[%clk 0:03:04]} 5. d3 {[%clk 0:03:07]} Be7 {[%clk 0:03:06]}
6. Nf3 {[%clk 0:03:06]} O-O {[%clk 0:03:06]} 7. O-O {[%clk 0:03:06]} Qe8
{[%clk 0:03:07]} 8. Bg5 {[%clk 0:03:05]} Nbd7 {[%clk 0:03:03]} 9. e3
{[%clk 0:02:57]} h6 {[%clk 0:03:04]} 10. Bxf6 {[%clk 0:02:57]} Nxf6
{[%clk 0:03:04]} 11. b4 {[%clk 0:02:47]} Be6 {[%clk 0:02:44]} 12. b5
{[%clk 0:02:45]} Qd7 {[%clk 0:02:34]} 13. Rb1 {[%clk 0:02:33]} f4
{[%clk 0:02:27]} 14. exf4 {[%clk 0:02:22]} exf4 {[%clk 0:02:29]} 15. Nd4
{[%clk 0:02:13]} Bg4 {[%clk 0:02:29]} 16. Bf3 {[%clk 0:02:14]} Rae8
{[%clk 0:02:18]} 17. Re1 {[%clk 0:02:02]} fxg3 {[%clk 0:02:11]} 18. hxg3
{[%clk 0:02:01]} Kh8 {[%clk 0:02:05]} 19. Ne4 {[%clk 0:01:28]} Bxf3
{[%clk 0:02:01]} 20. Nxf3 {[%clk 0:01:12]} d5 {[%clk 0:01:55]} 21. Nxf6
{[%clk 0:01:01]} Bxf6 {[%clk 0:01:56]} 22. Rxe8 {[%clk 0:00:55]} Rxe8
{[%clk 0:01:57]} 23. Kg2 {[%clk 0:00:51]} Qf5 {[%clk 0:01:53]} 24. c5
{[%clk 0:00:50]} Qe6 {[%clk 0:01:19]} 25. Qa4 {[%clk 0:00:47]} Qf5
{[%clk 0:01:09]} 26. Re1 {[%clk 0:00:38]} Rxe1 {[%clk 0:01:07]} 27. Nxe1
{[%clk 0:00:39]} Bc3 {[%clk 0:00:57]} 28. Nf3 {[%clk 0:00:41]} Qxd3
{[%clk 0:00:51]} 29. Qxa7 {[%clk 0:00:41]} Qxb5 {[%clk 0:00:39]} 30. Qb8+
{[%clk 0:00:42]} Kh7 {[%clk 0:00:40]} 31. Qxc7 {[%clk 0:00:43]} Bf6
{[%clk 0:00:36]} 32. a4 {[%clk 0:00:36]} Qb4 {[%clk 0:00:30]} 33. a5
{[%clk 0:00:29]} d4 {[%clk 0:00:24]} 34. Qb6 {[%clk 0:00:21]} Qc3
{[%clk 0:00:12]} 35. c6 {[%clk 0:00:18]} bxc6 {[%clk 0:00:08]} 36. a6
{[%clk 0:00:19]} d3 {[%clk 0:00:10]} 37. a7 {[%clk 0:00:20]} Bd4 {[%clk 0:00:04]}
38. Nxd4 {[%clk 0:00:13]} d2 {[%clk 0:00:05]} 39. Qb1+ {[%clk 0:00:14]} g6
{[%clk 0:00:05]} 40. Qb7+ {[%clk 0:00:15]} 1-0

[Event "Russian Blitz Team Championship (m)"]
[Site "Sochi"]
[Date "2022.10.17"]
[Round "12.5"]
[White "Zakhartsov, Vladimir"]
[Black "Artemiev, Vladislav"]
[Result "1/2-1/2"]
[BlackElo "2832"]
[WhiteElo "2492"]
[LiveChessVersion "1.4.8"]

1. e4 {[%clk 0:03:03]} e5 {[%clk 0:03:02]} 2. Nf3 {[%clk 0:03:04]} Nc6
{[%clk 0:03:03]} 3. Nc3 {[%clk 0:03:05]} Nf6 {[%clk 0:03:03]} 4. a3
{[%clk 0:03:07]} Be7 {[%clk 0:02:31]} 5. d4 {[%clk 0:03:07]} d6 {[%clk 0:02:32]}
6. Bb5 {[%clk 0:03:08]} Bd7 {[%clk 0:02:12]} 7. O-O {[%clk 0:03:08]} O-O
{[%clk 0:02:02]} 8. Re1 {[%clk 0:02:56]} exd4 {[%clk 0:01:58]} 9. Nxd4
{[%clk 0:02:56]} Re8 {[%clk 0:01:55]} 10. h3 {[%clk 0:02:51]} Nxd4
{[%clk 0:01:09]} 11. Qxd4 {[%clk 0:02:52]} Bxb5 {[%clk 0:01:10]} 12. Nxb5
{[%clk 0:02:53]} Nd7 {[%clk 0:01:10]} 13. Qc4 {[%clk 0:02:42]} c6
{[%clk 0:00:49]} 14. Nc3 {[%clk 0:02:40]} Bf6 {[%clk 0:00:28]} 15. Bf4
{[%clk 0:02:35]} Nb6 {[%clk 0:00:23]} 16. Qd3 {[%clk 0:02:32]} Be5
{[%clk 0:00:24]} 17. Qg3 {[%clk 0:01:52]} Qf6 {[%clk 0:00:22]} 18. Bxe5
{[%clk 0:01:51]} dxe5 {[%clk 0:00:22]} 19. Rad1 {[%clk 0:01:47]} g6
{[%clk 0:00:11]} 20. Rd3 {[%clk 0:01:36]} Rad8 {[%clk 0:00:12]} 21. Red1
{[%clk 0:01:37]} Rd4 {[%clk 0:00:14]} 22. b3 {[%clk 0:01:30]} Nd7
{[%clk 0:00:10]} 23. Qe3 {[%clk 0:01:19]} Rxd3 {[%clk 0:00:06]} 24. Rxd3
{[%clk 0:01:16]} Nb6 {[%clk 0:00:07]} 25. a4 {[%clk 0:01:13]} Rd8
{[%clk 0:00:08]} 26. a5 {[%clk 0:01:05]} Nc8 {[%clk 0:00:09]} 27. Qd2
{[%clk 0:00:47]} Rxd3 {[%clk 0:00:07]} 28. Qxd3 {[%clk 0:00:48]} Qd6
{[%clk 0:00:08]} 29. Qxd6 {[%clk 0:00:43]} Nxd6 {[%clk 0:00:09]} 30. f3
{[%clk 0:00:43]} Kf8 {[%clk 0:00:09]} 31. Kf2 {[%clk 0:00:44]} Ke7
{[%clk 0:00:08]} 32. Ke3 {[%clk 0:00:44]} Nc8 {[%clk 0:00:05]} 33. Na4
{[%clk 0:00:42]} Kd6 {[%clk 0:00:06]} 34. b4 {[%clk 0:00:43]} Ne7
{[%clk 0:00:04]} 35. Nb2 {[%clk 0:00:35]} Ke6 {[%clk 0:00:04]} 36. Na4 Kd6
{[%clk 0:00:04]} 37. Nb2 {[%clk 0:00:34]} Ng8 {[%clk 0:00:05]} 38. c4
{[%clk 0:00:28]} c5 {[%clk 0:00:06]} 39. bxc5+ {[%clk 0:00:17]} Kxc5
{[%clk 0:00:07]} 40. Nd3+ {[%clk 0:00:19]} Kxc4 {[%clk 0:00:06]} 41. Nxe5+
{[%clk 0:00:20]} Kb5 {[%clk 0:00:07]} 42. Nxf7 {[%clk 0:00:21]} Kxa5
{[%clk 0:00:09]} 43. Kd4 {[%clk 0:00:16]} Kb4 {[%clk 0:00:10]} 44. Ne5
{[%clk 0:00:14]} a5 {[%clk 0:00:12]} 45. Nd3+ {[%clk 0:00:15]} Kb5
{[%clk 0:00:09]} 46. Kd5 {[%clk 0:00:13]} a4 {[%clk 0:00:10]} 47. e5
{[%clk 0:00:12]} a3 {[%clk 0:00:10]} 48. Nc1 {[%clk 0:00:13]} Ne7+
{[%clk 0:00:10]} 49. Kd6 {[%clk 0:00:14]} Nc6 {[%clk 0:00:07]} 50. e6
{[%clk 0:00:15]} Kc4 {[%clk 0:00:07]} 51. f4 {[%clk 0:00:14]} Nd4
{[%clk 0:00:08]} 52. g4 {[%clk 0:00:12]} Nxe6 {[%clk 0:00:05]} 53. Kxe6
{[%clk 0:00:13]} b5 {[%clk 0:00:06]} 54. f5 {[%clk 0:00:14]} gxf5
{[%clk 0:00:07]} 55. gxf5 {[%clk 0:00:15]} b4 {[%clk 0:00:08]} 56. f6
{[%clk 0:00:15]} b3 {[%clk 0:00:10]} 57. Nxb3 {[%clk 0:00:13]} Kxb3
{[%clk 0:00:10]} 58. f7 {[%clk 0:00:14]} a2 {[%clk 0:00:11]} 59. f8=Q
{[%clk 0:00:14]} a1=Q {[%clk 0:00:11]} 60. Qf3+ {[%clk 0:00:14]} Kb4
{[%clk 0:00:08]} 61. Qe4+ {[%clk 0:00:14]} Kc5 {[%clk 0:00:09]} 62. Qe5+
{[%clk 0:00:06]} Qxe5+ {[%clk 0:00:09]} 63. Kxe5 {[%clk 0:00:07]} h5
{[%clk 0:00:10]} 64. h4 {[%clk 0:00:09]} Kc6 {[%clk 0:00:11]} 65. Ke4 1/2-1/2

[Event "Russian Blitz Team Championship (m)"]
[Site "Sochi"]
[Date "2022.10.17"]
[Round "12.6"]
[White "Sjugirov, Sanan"]
[Black "Zakhartsov, Viacheslav V."]
[Result "1-0"]
[BlackElo "2414"]
[WhiteElo "2609"]
[LiveChessVersion "1.4.8"]

1. d4 {[%clk 0:03:02]} Nf6 {[%clk 0:03:03]} 2. c4 {[%clk 0:03:03]} e6
{[%clk 0:03:04]} 3. Nf3 {[%clk 0:03:03]} b6 {[%clk 0:03:06]} 4. g3
{[%clk 0:03:03]} Ba6 {[%clk 0:03:06]} 5. b3 {[%clk 0:02:59]} Bb4+
{[%clk 0:03:06]} 6. Bd2 {[%clk 0:02:59]} Be7 {[%clk 0:03:07]} 7. Bg2
{[%clk 0:03:00]} c6 {[%clk 0:03:08]} 8. Bc3 {[%clk 0:02:59]} d5 {[%clk 0:03:09]}
9. Nbd2 {[%clk 0:03:00]} Nbd7 {[%clk 0:03:09]} 10. Qc2 {[%clk 0:02:58]} O-O
{[%clk 0:02:47]} 11. e4 {[%clk 0:02:58]} Rc8 {[%clk 0:02:47]} 12. O-O
{[%clk 0:02:56]} c5 {[%clk 0:02:30]} 13. exd5 {[%clk 0:02:32]} exd5
{[%clk 0:02:30]} 14. Rfd1 {[%clk 0:02:14]} Qc7 {[%clk 0:02:05]} 15. Qf5
{[%clk 0:01:33]} g6 {[%clk 0:00:59]} 16. Qh3 {[%clk 0:01:33]} dxc4
{[%clk 0:00:42]} 17. bxc4 {[%clk 0:01:30]} cxd4 {[%clk 0:00:38]} 18. Nxd4
{[%clk 0:01:30]} Nh5 {[%clk 0:00:32]} 19. Nc6 {[%clk 0:01:12]} Bf6
{[%clk 0:00:32]} 20. Ne4 {[%clk 0:01:07]} Bxc3 {[%clk 0:00:21]} 21. Ne7+
{[%clk 0:00:28]} Kg7 {[%clk 0:00:10]} 22. Rxd7 {[%clk 0:00:28]} Qxc4
{[%clk 0:00:12]} 23. Rc1 {[%clk 0:00:29]} Qxa2 {[%clk 0:00:04]} 24. Nxc8
{[%clk 0:00:27]} Bxc8 {[%clk 0:00:04]} 25. Nxc3 {[%clk 0:00:19]} Qb2
{[%clk 0:00:03]} 26. Re1 {[%clk 0:00:03]} Bxd7 27. Qxd7 Qxc3 28. Rd1 a5 1-0

[Event "Russian Blitz Team Championship (m)"]
[Site "Sochi"]
[Date "2022.10.17"]
[Round "12.7"]
[White "Kukhmazov, Arsen"]
[Black "Timofeev, Artyom"]
[Result "1/2-1/2"]
[BlackElo "2579"]
[WhiteElo "2395"]
[LiveChessVersion "1.4.8"]

1. d4 {[%clk 0:03:03]} Nf6 {[%clk 0:03:03]} 2. c4 {[%clk 0:03:04]} g6
{[%clk 0:03:04]} 3. g3 {[%clk 0:03:05]} Bg7 {[%clk 0:03:03]} 4. Bg2
{[%clk 0:03:06]} d5 {[%clk 0:03:04]} 5. cxd5 {[%clk 0:03:07]} Nxd5
{[%clk 0:03:05]} 6. e4 {[%clk 0:03:08]} Nb4 {[%clk 0:03:06]} 7. d5
{[%clk 0:03:06]} c6 {[%clk 0:03:07]} 8. a3 {[%clk 0:03:07]} Qa5 {[%clk 0:03:02]}
9. Nc3 {[%clk 0:03:04]} cxd5 {[%clk 0:03:02]} 10. Be3 {[%clk 0:02:32]} N4c6
{[%clk 0:02:58]} 11. exd5 {[%clk 0:02:33]} Ne5 {[%clk 0:02:59]} 12. Bd4
{[%clk 0:01:34]} O-O {[%clk 0:02:55]} 13. f4 {[%clk 0:01:21]} Ng4
{[%clk 0:02:50]} 14. h3 {[%clk 0:01:21]} Bxd4 {[%clk 0:02:41]} 15. Qxd4
{[%clk 0:01:22]} Nf6 {[%clk 0:02:42]} 16. Nge2 {[%clk 0:01:24]} Nbd7
{[%clk 0:02:23]} 17. O-O {[%clk 0:01:22]} Qb6 {[%clk 0:02:24]} 18. b4
{[%clk 0:01:09]} a6 {[%clk 0:02:15]} 19. Rfe1 {[%clk 0:01:10]} Rd8
{[%clk 0:02:15]} 20. Rad1 {[%clk 0:01:10]} Kf8 {[%clk 0:01:59]} 21. Na4
{[%clk 0:01:11]} Qxd4+ {[%clk 0:01:59]} 22. Nxd4 {[%clk 0:01:12]} Ne8
{[%clk 0:01:32]} 23. Ne6+ {[%clk 0:01:10]} fxe6 {[%clk 0:01:32]} 24. dxe6
{[%clk 0:01:11]} Nd6 {[%clk 0:01:30]} 25. exd7 {[%clk 0:01:11]} Bxd7
{[%clk 0:01:29]} 26. Nc5 {[%clk 0:01:13]} Rab8 {[%clk 0:01:16]} 27. Re5
{[%clk 0:00:59]} b6 {[%clk 0:01:08]} 28. Ne4 {[%clk 0:00:16]} Ba4
{[%clk 0:00:55]} 29. Rd4 {[%clk 0:00:15]} Nxe4 {[%clk 0:00:23]} 30. Rexe4
{[%clk 0:00:12]} Bc6 {[%clk 0:00:15]} 31. Rxd8+ {[%clk 0:00:11]} Rxd8
{[%clk 0:00:16]} 32. Re6 {[%clk 0:00:12]} Bxg2 {[%clk 0:00:17]} 33. Kxg2
{[%clk 0:00:13]} Rd2+ {[%clk 0:00:18]} 34. Kf3 {[%clk 0:00:10]} Rd3+
{[%clk 0:00:19]} 35. Re3 {[%clk 0:00:09]} Rd1 {[%clk 0:00:17]} 1/2-1/2

[Event "Russian Blitz Team Championship (m)"]
[Site "Sochi"]
[Date "2022.10.17"]
[Round "12.8"]
[White "Faizrakhmanov, Ramil"]
[Black "Bryakin, Mikhail"]
[Result "1/2-1/2"]
[BlackElo "2367"]
[WhiteElo "2421"]
[LiveChessVersion "1.4.8"]

1. d4 e6 2. c4 {[%clk 0:03:04]} b6 {[%clk 0:03:05]} 3. Nf3 {[%clk 0:03:05]} Bb4+
{[%clk 0:03:05]} 4. Bd2 {[%clk 0:03:06]} Qe7 {[%clk 0:03:03]} 5. g3
{[%clk 0:03:07]} Bb7 {[%clk 0:03:01]} 6. Bg2 {[%clk 0:03:08]} f5 {[%clk 0:03:00]}
7. O-O {[%clk 0:03:08]} Bxd2 {[%clk 0:03:01]} 8. Qxd2 {[%clk 0:03:09]} Nf6
{[%clk 0:03:02]} 9. Nc3 {[%clk 0:03:09]} O-O {[%clk 0:02:45]} 10. d5
{[%clk 0:03:06]} Na6 {[%clk 0:02:38]} 11. Rfd1 {[%clk 0:03:05]} Nc5
{[%clk 0:02:05]} 12. d6 {[%clk 0:03:05]} cxd6 {[%clk 0:01:59]} 13. Qxd6
{[%clk 0:03:06]} Rfe8 {[%clk 0:01:51]} 14. Ne5 {[%clk 0:03:01]} Bxg2
{[%clk 0:01:52]} 15. Kxg2 {[%clk 0:03:02]} Qxd6 {[%clk 0:01:36]} 16. Rxd6
{[%clk 0:03:03]} Nb7 {[%clk 0:01:37]} 17. Rd4 {[%clk 0:02:42]} d6
{[%clk 0:01:37]} 18. Nf3 {[%clk 0:02:43]} Kf7 {[%clk 0:01:20]} 19. Nb5
{[%clk 0:02:41]} Red8 {[%clk 0:01:00]} 20. Rad1 {[%clk 0:02:36]} Ke7
{[%clk 0:00:58]} 21. b3 {[%clk 0:02:12]} h6 {[%clk 0:00:45]} 22. h4
{[%clk 0:02:11]} g6 {[%clk 0:00:44]} 23. e3 {[%clk 0:02:12]} a6 {[%clk 0:00:39]}
24. Nc3 {[%clk 0:02:10]} Nc5 {[%clk 0:00:32]} 25. b4 {[%clk 0:01:55]} Nce4
{[%clk 0:00:32]} 26. Nxe4 {[%clk 0:01:39]} Nxe4 {[%clk 0:00:33]} 27. Rc1
{[%clk 0:01:12]} a5 {[%clk 0:00:33]} 28. Nd2 {[%clk 0:00:57]} Nxd2
{[%clk 0:00:31]} 29. Rxd2 {[%clk 0:00:58]} axb4 {[%clk 0:00:31]} 30. Rb2
{[%clk 0:00:59]} Ra4 {[%clk 0:00:29]} 31. Rcb1 {[%clk 0:01:00]} Rb8
{[%clk 0:00:27]} 32. Rxb4 {[%clk 0:01:00]} Rxb4 {[%clk 0:00:23]} 33. Rxb4
{[%clk 0:01:01]} Kd7 {[%clk 0:00:24]} 34. Kf3 {[%clk 0:00:54]} Kc6
{[%clk 0:00:25]} 35. Ra4 {[%clk 0:00:44]} Kb7 {[%clk 0:00:24]} 36. e4
{[%clk 0:00:42]} Rc8 {[%clk 0:00:23]} 37. exf5 {[%clk 0:00:40]} gxf5
{[%clk 0:00:19]} 38. Ke3 {[%clk 0:00:39]} Rg8 {[%clk 0:00:19]} 39. Ra3
{[%clk 0:00:33]} Rg4 {[%clk 0:00:19]} 40. Rd3 {[%clk 0:00:33]} Kc6
{[%clk 0:00:20]} 41. Rd4 {[%clk 0:00:30]} Rg8 {[%clk 0:00:18]} 42. a3
{[%clk 0:00:17]} Ra8 {[%clk 0:00:19]} 43. Rd3 {[%clk 0:00:18]} Ra4
{[%clk 0:00:19]} 44. Kd4 {[%clk 0:00:19]} b5 {[%clk 0:00:17]} 45. Rc3
{[%clk 0:00:17]} d5 {[%clk 0:00:14]} 46. Ke5 {[%clk 0:00:18]} Rxc4
{[%clk 0:00:15]} 47. Re3 {[%clk 0:00:13]} Kd7 {[%clk 0:00:11]} 48. Kf6
{[%clk 0:00:13]} Re4 {[%clk 0:00:09]} 49. Rb3 {[%clk 0:00:14]} Kc6
{[%clk 0:00:05]} 50. f3 {[%clk 0:00:12]} Re2 {[%clk 0:00:04]} 51. Kg6
{[%clk 0:00:12]} d4 {[%clk 0:00:05]} 52. Kxh6 {[%clk 0:00:13]} Re3
{[%clk 0:00:06]} 53. Rb1 {[%clk 0:00:12]} Rxf3 {[%clk 0:00:07]} 54. Rg1
{[%clk 0:00:14]} e5 {[%clk 0:00:05]} 55. Kg5 {[%clk 0:00:15]} e4 {[%clk 0:00:06]}
56. h5 {[%clk 0:00:16]} Rf2 {[%clk 0:00:07]} 57. Rh1 {[%clk 0:00:18]} e3
{[%clk 0:00:06]} 58. h6 {[%clk 0:00:19]} e2 {[%clk 0:00:07]} 59. h7
{[%clk 0:00:12]} Rf1 {[%clk 0:00:06]} 60. h8=Q {[%clk 0:00:10]} e1=Q
{[%clk 0:00:06]} 61. Rh6+ {[%clk 0:00:08]} Kd5 {[%clk 0:00:06]} 62. Qg8+
{[%clk 0:00:07]} Kc5 {[%clk 0:00:03]} 63. Qc8+ {[%clk 0:00:08]} Kd5
{[%clk 0:00:04]} 64. Qc6+ {[%clk 0:00:09]} Ke5 {[%clk 0:00:05]} 65. Qe6#
{[%clk 0:00:10]} 1/2-1/2

[Event "Russian Blitz Team Championship (m)"]
[Site "Sochi"]
[Date "2022.10.17"]
[Round "12.9"]
[White "Ponkratov, Pavel"]
[Black "Afanasiev, Nikita"]
[Result "0-1"]
[BlackElo "2541"]
[WhiteElo "2515"]
[LiveChessVersion "1.4.8"]

1. d4 {[%clk 0:03:02]} d5 {[%clk 0:03:03]} 2. c4 {[%clk 0:03:03]} dxc4
{[%clk 0:03:04]} 3. e4 {[%clk 0:03:03]} Nf6 {[%clk 0:03:04]} 4. e5
{[%clk 0:02:59]} Nd5 {[%clk 0:03:06]} 5. Bxc4 {[%clk 0:03:00]} Bf5
{[%clk 0:03:05]} 6. Ne2 {[%clk 0:02:58]} Nb6 {[%clk 0:03:04]} 7. Bb3
{[%clk 0:02:57]} e6 {[%clk 0:03:03]} 8. Nbc3 {[%clk 0:02:58]} Nc6
{[%clk 0:03:04]} 9. O-O {[%clk 0:02:57]} Be7 {[%clk 0:02:57]} 10. Be3
{[%clk 0:02:58]} h6 {[%clk 0:02:49]} 11. Ng3 {[%clk 0:02:51]} Bh7
{[%clk 0:02:44]} 12. Qg4 {[%clk 0:02:49]} Bg6 {[%clk 0:02:29]} 13. Nh5
{[%clk 0:02:31]} Bxh5 {[%clk 0:02:18]} 14. Qxh5 {[%clk 0:02:31]} g6
{[%clk 0:02:19]} 15. Qg4 {[%clk 0:02:28]} h5 {[%clk 0:02:16]} 16. Qe4
{[%clk 0:02:29]} Na5 {[%clk 0:02:09]} 17. Bc2 {[%clk 0:02:27]} Qd7
{[%clk 0:01:58]} 18. Rfd1 {[%clk 0:02:11]} Nac4 {[%clk 0:01:35]} 19. d5
{[%clk 0:01:54]} Nxe3 {[%clk 0:01:34]} 20. dxe6 {[%clk 0:01:52]} Qxe6
{[%clk 0:01:32]} 21. Qxe3 {[%clk 0:01:52]} O-O {[%clk 0:01:24]} 22. Bb3
{[%clk 0:01:53]} Qf5 {[%clk 0:01:22]} 23. e6 {[%clk 0:01:49]} Bc5
{[%clk 0:01:12]} 24. exf7+ {[%clk 0:01:38]} Kg7 {[%clk 0:01:13]} 25. Qe2
{[%clk 0:01:37]} c6 {[%clk 0:00:58]} 26. Ne4 {[%clk 0:01:35]} Be7
{[%clk 0:00:57]} 27. Ng3 {[%clk 0:01:17]} Qf6 {[%clk 0:00:57]} 28. Rd3
{[%clk 0:01:18]} h4 {[%clk 0:00:46]} 29. Rf3 {[%clk 0:01:14]} Qg5
{[%clk 0:00:44]} 30. Ne4 {[%clk 0:01:12]} Qe5 {[%clk 0:00:45]} 31. Re3
{[%clk 0:01:03]} Qh5 {[%clk 0:00:24]} 32. Qxh5 {[%clk 0:00:58]} gxh5
{[%clk 0:00:25]} 33. Nc3 {[%clk 0:00:45]} Bf6 {[%clk 0:00:24]} 34. Rae1
{[%clk 0:00:41]} Rad8 {[%clk 0:00:21]} 35. Kf1 {[%clk 0:00:36]} Nd5
{[%clk 0:00:21]} 36. Nxd5 {[%clk 0:00:27]} cxd5 37. Rd3 {[%clk 0:00:27]} Rxf7
{[%clk 0:00:21]} 38. Rxd5 {[%clk 0:00:20]} Rxd5 {[%clk 0:00:19]} 39. Bxd5
{[%clk 0:00:21]} Rd7 {[%clk 0:00:20]} 40. Bf3 {[%clk 0:00:22]} Rd2
{[%clk 0:00:12]} 41. Bxh5 {[%clk 0:00:14]} Rxb2 {[%clk 0:00:08]} 42. a4
{[%clk 0:00:14]} Bd4 {[%clk 0:00:09]} 43. Be2 {[%clk 0:00:14]} Kf6
{[%clk 0:00:05]} 44. g4 {[%clk 0:00:09]} hxg3 {[%clk 0:00:04]} 45. hxg3
{[%clk 0:00:10]} a6 {[%clk 0:00:05]} 46. Rd1 {[%clk 0:00:10]} Ke5
{[%clk 0:00:06]} 47. Rc1 {[%clk 0:00:07]} b5 {[%clk 0:00:05]} 48. axb5
{[%clk 0:00:08]} axb5 {[%clk 0:00:06]} 49. Rc7 {[%clk 0:00:08]} b4
{[%clk 0:00:07]} 50. Rb7 {[%clk 0:00:09]} b3 {[%clk 0:00:07]} 51. Rb5+
{[%clk 0:00:10]} Kf6 {[%clk 0:00:06]} 52. f4 {[%clk 0:00:10]} Rb1+
{[%clk 0:00:07]} 53. Kg2 {[%clk 0:00:11]} b2 {[%clk 0:00:08]} 54. Bd3
{[%clk 0:00:12]} Rd1 {[%clk 0:00:07]} 55. Be4 {[%clk 0:00:13]} Re1
{[%clk 0:00:06]} 56. Bf5 {[%clk 0:00:11]} Re2+ {[%clk 0:00:06]} 57. Kf3
{[%clk 0:00:11]} Re3+ {[%clk 0:00:06]} 58. Kg4 {[%clk 0:00:13]} Ra3
{[%clk 0:00:07]} 59. Be4 {[%clk 0:00:11]} Bf2 {[%clk 0:00:06]} 60. Bf3
{[%clk 0:00:12]} Bd4 {[%clk 0:00:06]} 61. Rb4 {[%clk 0:00:13]} Ra1
{[%clk 0:00:06]} 62. Be4 {[%clk 0:00:13]} Rd1 {[%clk 0:00:05]} 63. Ra4
{[%clk 0:00:14]} Ke7 {[%clk 0:00:04]} 64. Kf5 {[%clk 0:00:13]} Kd6
{[%clk 0:00:05]} 65. Rb4 {[%clk 0:00:14]} Kc5 {[%clk 0:00:05]} 66. Rb7
{[%clk 0:00:15]} Rf1 {[%clk 0:00:05]} 67. Rc7+ {[%clk 0:00:14]} Kb6
{[%clk 0:00:06]} 68. Rb7+ {[%clk 0:00:15]} Kc5 {[%clk 0:00:07]} 69. Rb8
{[%clk 0:00:14]} Bf2 {[%clk 0:00:05]} 70. Kg4 {[%clk 0:00:13]} Rg1
{[%clk 0:00:05]} 71. Rxb2 {[%clk 0:00:13]} Rxg3+ {[%clk 0:00:05]} 72. Kf5
{[%clk 0:00:14]} Bd4 {[%clk 0:00:05]} 73. Ke6 {[%clk 0:00:14]} Bxb2
{[%clk 0:00:06]} 74. f5 {[%clk 0:00:12]} Re3 {[%clk 0:00:07]} 0-1

[Event "Russian Blitz Team Championship (m)"]
[Site "Sochi"]
[Date "2022.10.17"]
[Round "12.10"]
[White "Tsydypov, Zhamsaran"]
[Black "Lysyj, Igor"]
[Result "1-0"]
[BlackElo "2576"]
[WhiteElo "2598"]
[LiveChessVersion "1.4.8"]

1. e4 {[%clk 0:03:03]} e5 {[%clk 0:03:03]} 2. Nf3 {[%clk 0:03:04]} Nc6
{[%clk 0:03:04]} 3. Bc4 {[%clk 0:03:05]} Bc5 {[%clk 0:03:05]} 4. d3
{[%clk 0:03:06]} Nf6 {[%clk 0:03:05]} 5. c3 {[%clk 0:03:07]} d6 {[%clk 0:03:05]}
6. O-O {[%clk 0:03:06]} a5 {[%clk 0:03:06]} 7. Nbd2 {[%clk 0:03:05]} O-O
{[%clk 0:03:03]} 8. Re1 {[%clk 0:03:06]} h6 {[%clk 0:03:01]} 9. Nf1
{[%clk 0:03:05]} Be6 {[%clk 0:02:57]} 10. Bb5 {[%clk 0:03:06]} Bb6
{[%clk 0:02:57]} 11. Ng3 {[%clk 0:03:04]} Nh7 {[%clk 0:02:57]} 12. d4
{[%clk 0:03:01]} exd4 {[%clk 0:02:27]} 13. Nxd4 {[%clk 0:02:51]} Bd7
{[%clk 0:02:17]} 14. Bf1 {[%clk 0:02:49]} Nf6 {[%clk 0:02:15]} 15. h3
{[%clk 0:02:42]} Re8 {[%clk 0:02:13]} 16. Bf4 {[%clk 0:02:35]} Ne5
{[%clk 0:02:13]} 17. a4 {[%clk 0:02:23]} Ng6 {[%clk 0:02:14]} 18. Bd2
{[%clk 0:02:19]} d5 {[%clk 0:02:11]} 19. exd5 {[%clk 0:02:19]} Nxd5
{[%clk 0:02:10]} 20. Qb3 {[%clk 0:02:12]} Ndf4 {[%clk 0:01:42]} 21. Be3
{[%clk 0:02:09]} Qf6 {[%clk 0:01:39]} 22. Rad1 {[%clk 0:02:08]} Rad8
{[%clk 0:01:39]} 23. Qc2 {[%clk 0:02:05]} Bc8 {[%clk 0:01:36]} 24. Qc1
{[%clk 0:01:13]} Bc5 {[%clk 0:01:22]} 25. Bxf4 {[%clk 0:01:02]} Qxf4
{[%clk 0:01:20]} 26. Rxe8+ {[%clk 0:00:52]} Rxe8 {[%clk 0:01:21]} 27. Qc2
{[%clk 0:00:53]} Bb6 {[%clk 0:01:18]} 28. Bc4 {[%clk 0:00:49]} Ne5
{[%clk 0:01:18]} 29. Bb3 {[%clk 0:00:48]} g6 {[%clk 0:01:07]} 30. Nge2
{[%clk 0:00:44]} Qf6 {[%clk 0:01:06]} 31. Ng3 {[%clk 0:00:42]} Kg7
{[%clk 0:01:01]} 32. Qe2 {[%clk 0:00:28]} Bd7 {[%clk 0:00:51]} 33. Qf1
{[%clk 0:00:25]} Qh4 {[%clk 0:00:44]} 34. Rd2 {[%clk 0:00:18]} Qf6
{[%clk 0:00:24]} 35. Rd1 {[%clk 0:00:16]} Nc6 {[%clk 0:00:19]} 36. Nb5
{[%clk 0:00:16]} Bc8 {[%clk 0:00:17]} 37. Bc2 {[%clk 0:00:15]} Qf4
{[%clk 0:00:17]} 38. Ne2 {[%clk 0:00:15]} Qg5 {[%clk 0:00:17]} 39. Kh1
{[%clk 0:00:14]} Qf6 {[%clk 0:00:16]} 40. f4 {[%clk 0:00:11]} Re3
{[%clk 0:00:15]} 41. Na3 {[%clk 0:00:11]} Qe7 {[%clk 0:00:14]} 42. Bd3
{[%clk 0:00:10]} Bc5 {[%clk 0:00:13]} 43. Nc4 {[%clk 0:00:11]} Re6
{[%clk 0:00:13]} 44. Ng3 {[%clk 0:00:12]} Rf6 {[%clk 0:00:11]} 45. Ne4
{[%clk 0:00:13]} Re6 {[%clk 0:00:11]} 46. Ng3 {[%clk 0:00:14]} Rf6
{[%clk 0:00:12]} 47. Bc2 {[%clk 0:00:11]} Bd6 {[%clk 0:00:10]} 48. Nxd6
{[%clk 0:00:07]} Rxd6 {[%clk 0:00:11]} 49. Re1 {[%clk 0:00:08]} Re6
{[%clk 0:00:11]} 50. Rxe6 {[%clk 0:00:07]} Qxe6 {[%clk 0:00:13]} 51. Qf2
{[%clk 0:00:07]} h5 {[%clk 0:00:09]} 52. Kh2 {[%clk 0:00:08]} Qc4
{[%clk 0:00:09]} 53. Ne4 {[%clk 0:00:07]} Bf5 {[%clk 0:00:08]} 54. Nd2
{[%clk 0:00:08]} Qe6 {[%clk 0:00:09]} 55. Bb3 {[%clk 0:00:09]} Qd6
{[%clk 0:00:09]} 56. Nc4 {[%clk 0:00:09]} Qf6 {[%clk 0:00:10]} 57. Ne3
{[%clk 0:00:11]} Be6 {[%clk 0:00:11]} 58. Bc2 {[%clk 0:00:12]} Bd7
{[%clk 0:00:09]} 59. Qg3 {[%clk 0:00:13]} Qd6 {[%clk 0:00:08]} 60. Qg5
{[%clk 0:00:09]} b6 {[%clk 0:00:08]} 61. Bb3 {[%clk 0:00:10]} Qe7
{[%clk 0:00:07]} 62. Qg3 {[%clk 0:00:10]} Qd6 {[%clk 0:00:08]} 63. Qf3
{[%clk 0:00:11]} Ne7 {[%clk 0:00:08]} 64. Nc4 {[%clk 0:00:11]} Qe6
{[%clk 0:00:07]} 65. Qd1 {[%clk 0:00:12]} Qf6 {[%clk 0:00:07]} 66. Qxd7
{[%clk 0:00:12]} Qxf4+ {[%clk 0:00:07]} 67. Kg1 {[%clk 0:00:13]} Nf5
{[%clk 0:00:07]} 68. Qd2 {[%clk 0:00:14]} Qg3 {[%clk 0:00:07]} 69. Qf2
{[%clk 0:00:15]} Qg5 {[%clk 0:00:08]} 70. Nd2 {[%clk 0:00:16]} Nd6
{[%clk 0:00:08]} 71. Nf3 {[%clk 0:00:16]} Qc1+ {[%clk 0:00:08]} 72. Kh2
{[%clk 0:00:18]} Qf4+ {[%clk 0:00:09]} 73. Qg3 {[%clk 0:00:19]} Qc1
{[%clk 0:00:09]} 74. Qe5+ {[%clk 0:00:20]} Kf8 {[%clk 0:00:09]} 75. Ng5
{[%clk 0:00:17]} Qxb2 {[%clk 0:00:05]} 76. Bd5 {[%clk 0:00:19]} Qd2
{[%clk 0:00:04]} 77. Nh7+ {[%clk 0:00:16]} Kg8 {[%clk 0:00:04]} 78. Nf6+
{[%clk 0:00:17]} Kf8 {[%clk 0:00:06]} 79. Nh7+ {[%clk 0:00:16]} Kg8
{[%clk 0:00:06]} 80. Ng5 {[%clk 0:00:17]} Kf8 {[%clk 0:00:05]} 81. Nf3
{[%clk 0:00:16]} Qc1 {[%clk 0:00:05]} 82. Nd4 {[%clk 0:00:17]} Qd2
{[%clk 0:00:04]} 83. Qf6 {[%clk 0:00:17]} Qe3 {[%clk 0:00:04]} 84. Ne6+
{[%clk 0:00:18]} Ke8 {[%clk 0:00:05]} 85. Bc6# {[%clk 0:00:19]} 1-0